000 00689nam a22002417a 4500
003 UA-OsUOA
001 93348
007 ta
008 20130118b un ||||| |||| 00| 0 ukr d
100 _aЛилиан Э.
090 _a821.111
_bЛ57
942 _cBK
040 _aUA-OsUOA
_brus
_cUA-OsUOA
_dUA-OsUOA
245 _aВойнич
_bпрерваная дружба; сними обувьтвою; письмах
_cТ.2
300 _a582 с.
955 _a3
041 _arus
080 _a821.111
260 _aМ.
_c1963
246 3 1 _aсоченения в двох томах
_n
650 7 _a82 Література. Літературознавство
_2UDC
999 _c379592
_d379592